Normal view
MARC view
- O'halloran, James.C Foss, Christopler.F
Entry Personal Name
001 - CONTROL NUMBER
- control field: 59560
003 - CONTROL NUMBER IDENTIFIER
- control field: NUST
005 - DATE AND TIME OF LATEST TRANSACTION
- control field: 20210628202348.0
008 - FIXED-LENGTH DATA ELEMENTS
- fixed length control field: 210628|| aca||aabn | a|a d
040 ## - CATALOGING SOURCE
- Original cataloging agency: NUST
- Transcribing agency: NUST
100 ## - HEADING--PERSONAL NAME
- Personal name: O'halloran, James.C Foss, Christopler.F
670 ## - SOURCE DATA FOUND
- Source citation: Work cat.: (NUST): O'halloran, James.C Foss, Christopler.F, Janes land-based air defence 2005-2006, 2005
